This means war: lets die for nationalistic feelings (not?) - Statistics

General Stats
  • This quiz has been taken 43 times
  • The average score is 15 of 30
Answer Stats
% Answer % Correct
27 UK
85%
29 France
79%
21 Spain
79%
11 Japan
77%
18 Germany
74%
75 India
74%
20 Italy
69%
28 Portugal
67%
89 Pakistan
64%
73 Turkey
64%
30 Canada
62%
74 Finland
62%
29 Australia
59%
21 Austria
59%
19 Belgium
59%
26 Iceland
56%
15 Netherlands
56%
86 Bangladesh
51%
89 Vietnam
46%
72 Thailand
41%
72 Armenia
36%
76 Georgia
36%
85 Azerbaijan
33%
23 Czech Republic
33%
73 Philippines
31%
94 Morocco
28%
25 Bulgaria
26%
76 Afghanistan
23%
94 Fiji
5%
84 Papua New Guinea
3%
No matching quizzes found
Score Distribution
Percent of People with Each Score
Percentile by Number Answered
Your Score History
You have not taken this quiz